000 00429nam a2200145Ia 4500
003 OSt
005 20260129100025.0
008 211028s2018 xx 000 0 und d
040 _cAIMIT LIBRARY
041 _aeng
100 _aD Souza, Farrell Wilander; Kamath, T Ramesh.
_g1616045
_97802
245 _aDeclining Banquet sales in the gateway hotel Mangalore /
260 _aMangalore
_bT Ramesh Kamath.
_c2018
942 _2ddc
_cPRO
999 _c219370
_d219370